KISAH BARBAROSSA, SI JANGGUT MERAH / (Record no. 196575)
[ view plain ]
| 000 -LEADER | |
|---|---|
| fixed length control field | 00967nam a2200265 ia4500 |
| 005 - DATE AND TIME OF LATEST TRANSACTION | |
| control field | 20240814123925.0 |
| 008 - FIXED-LENGTH DATA ELEMENTS--GENERAL INFORMATION | |
| fixed length control field | 240814s2024 my ao jr 000 0 may d |
| 020 ## - INTERNATIONAL STANDARD BOOK NUMBER | |
| International Standard Book Number | 9789672966586 |
| Terms of availability | RM46.50 |
| Qualifying information | paperback |
| 040 ## - CATALOGING SOURCE | |
| Original cataloging agency | PPAK |
| Language of cataloging | eng |
| Transcribing agency | PPAK |
| Description conventions | rda |
| 082 04 - DEWEY DECIMAL CLASSIFICATION NUMBER | |
| Edition number | 23 |
| Classification number | 909 |
| 090 00 - LOCALLY ASSIGNED LC-TYPE CALL NUMBER (OCLC); LOCAL CALL NUMBER (RLIN) | |
| Classification number (OCLC) (R) ; Classification number, CALL (RLIN) (NR) | 909 |
| Feature heading | SYE |
| Feature heading | K |
| 100 0# - MAIN ENTRY--PERSONAL NAME | |
| Personal name | Syed Mahadzir Syed Ibrahim, |
| Dates associated with a name | 1961- |
| Relator term | author. |
| 245 10 - TITLE STATEMENT | |
| Title | KISAH BARBAROSSA, SI JANGGUT MERAH / |
| Statement of responsibility, etc. | SYED MAHADZIR SYED IBRAHIM |
| 264 #1 - PRODUCTION, PUBLICATION, DISTRIBUTION, MANUFACTURE, AND COPYRIGHT NOTICE | |
| Place of production, publication, distribution, manufacture | Cheras, Kuala Lumpur : |
| Name of producer, publisher, distributor, manufacturer | PENERBIT MINDA TEGUH, |
| Date of production, publication, distribution, manufacture, or copyright notice | [2024?] |
| 300 ## - PHYSICAL DESCRIPTION | |
| Extent | 56 pages : |
| Other physical details | colour illustrations, colour photographs ; |
| Dimensions | 26 cm. |
| 336 ## - CONTENT TYPE | |
| Content type term | text |
| Source | rdacontent |
| 337 ## - MEDIA TYPE | |
| Media type term | unmediated |
| Source | rdamedia |
| 338 ## - CARRIER TYPE | |
| Carrier type term | volume |
| Source | rdacarrier |
| 490 1# - SERIES STATEMENT | |
| Series statement | SIRI FAKTA SEJARAH DI DUNIA |
| 504 ## - BIBLIOGRAPHY, ETC. NOTE | |
| Bibliography, etc. note | Bibliography: pages 54-56 |
| 650 10 - SUBJECT ADDED ENTRY--TOPICAL TERM | |
| Topical term or geographic name entry element | World history |
| General subdivision | Juvenile literature |
| Topical term or geographic name entry element | History, Ancient |
| General subdivision | Juvenile literature |
| 830 #0 - SERIES ADDED ENTRY--UNIFORM TITLE | |
| Uniform title | Siri fakta sejarah di dunia |
| 942 ## - ADDED ENTRY ELEMENTS (KOHA) | |
| Source of classification or shelving scheme | Dewey Decimal Classification |
| Koha item type | Book |
| Withdrawn | Not for loan | Current library | Shelving location | Date acquired | Total Checkouts | Full call number | Barcode | Date last seen | Koha item type | Total Renewals | Date last checked out |
|---|---|---|---|---|---|---|---|---|---|---|---|
| Perpustakaan Alor Setar | Pinjaman Kanak-kanak | 18/08/2024 | K 909 SYE | A01835884 | 18/08/2024 | Book | |||||
| Perpustakaan Awam Sungai Petani | Pinjaman Kanak-kanak | 18/08/2024 | K 909 SYE | A01835885 | 18/08/2024 | Book | |||||
| Perpustakaan Baling | Pinjaman Kanak-kanak | 18/08/2024 | K 909 SYE | A01835889 | 18/08/2024 | Book | |||||
| Perpustakaan Bandar Baharu | Pinjaman Kanak-kanak | 18/08/2024 | K 909 SYE | A01835890 | 18/08/2024 | Book | |||||
| Perpustakaan Jitra | Pinjaman Kanak-kanak | 18/08/2024 | 2 | K 909 SYE | A01835886 | 19/02/2025 | Book | 1 | 19/02/2025 | ||
| Perpustakaan Kuala Nerang | Pinjaman Kanak-kanak | 18/08/2024 | K 909 SYE | A01835894 | 18/08/2024 | Book | |||||
| Perpustakaan Kulim | Pinjaman Kanak-kanak | 18/08/2024 | K 909 SYE | A01835888 | 18/08/2024 | Book | |||||
| Perpustakaan Langkawi | Pinjaman Kanak-kanak | 18/08/2024 | K 909 SYE | A01835887 | 18/08/2024 | Book | |||||
| Perpustakaan Merbok | Pinjaman Kanak-kanak | 18/08/2024 | K 909 SYE | A01835891 | 18/08/2024 | Book | |||||
| Perpustakaan Pendang | Pinjaman Kanak-kanak | 18/08/2024 | K 909 SYE | A01835895 | 18/08/2024 | Book | |||||
| Perpustakaan Sik | Pinjaman Kanak-kanak | 18/08/2024 | K 909 SYE | A01835893 | 18/08/2024 | Book | |||||
| Perpustakaan Yan | Pinjaman Kanak-kanak | 18/08/2024 | K 909 SYE | A01835892 | 18/08/2024 | Book | |||||
| Bergerak 3, Baling | Pinjaman Kanak-kanak | 18/08/2024 | K 909 SYE | A01835897 | 18/08/2024 | Book | |||||
| Bergerak 4, Sungai Petani | Pinjaman Kanak-kanak | 18/08/2024 | K 909 SYE | A01835898 | 18/08/2024 | Book | |||||
| Bergerak 5, Kulim | Pinjaman Kanak-kanak | 18/08/2024 | K 909 SYE | A01835899 | 18/08/2024 | Book |